logo

Bir Sreshtho Munshi Abdur Rouf Library
Jhenaidah Cadet College

ছোটদের নবীজি / (Record no. 13394)

MARC details
000 -LEADER
fixed length control field 00727nam a2200241 a 4500
001 - CONTROL NUMBER
JCCL Control Number 13394
003 - CONTROL NUMBER IDENTIFIER
JCCL marc code BD-JhCC
005 - DATE AND TIME OF LATEST TRANSACTION
control field 20230917092719.0
008 - FIXED-LENGTH DATA ELEMENTS--GENERAL INFORMATION
fixed length control field 230916b20202021bg |||| ||a| 000 0 ben d
035 ## - SYSTEM CONTROL NUMBER
system control number (BD-JhCC)13394
040 ## - CATALOGING SOURCE
Original cataloging agency BD-JhCC
Modifying agency BD-JhCC
041 ## - LANGUAGE CODE
Language code of Book bengali
082 ## - DEWEY DECIMAL CLASSIFICATION NUMBER
Classification number 297.63
Author mark and Year JAL 2021
100 ## - MAIN ENTRY--PERSONAL NAME
Personal name জালীস,মাহমুদুল হক
245 ## - TITLE STATEMENT
Title ছোটদের নবীজি /
Statement of responsibility, etc মাহমুদুল হক জালীস।
260 ## - PUBLICATION, DISTRIBUTION, ETC. (IMPRINT)
Place of publication, distribution, etc ঢাকা:
Name of publisher, distributor, etc আযান প্রকাশনী;
Date of publication, distribution, etc 2021.
300 ## - PHYSICAL DESCRIPTION
Pagination 52 p. :
Dimensions 22 cm.
600 ## - SUBJECT ADDED ENTRY--PERSONAL NAME
Personal name Muḥammad, Prophet,
Dates associated with a name 570-632
650 ## - SUBJECT ADDED ENTRY--TOPICAL TERM
Topical term or geographic name as entry element Biography
650 ## - SUBJECT ADDED ENTRY--TOPICAL TERM
Topical term or geographic name as entry element Juvenile literature
942 ## - ADDED ENTRY ELEMENTS (KOHA)
Source of classification or shelving scheme Dewey Decimal Classification
Koha item type Books
Holdings
Source of classification or shelving scheme Damaged status Not for loan Home library Current library Shelving location Date of accession Cost, normal purchase price Full call number Barcode Date last seen Copy number Method of acquisition Koha item type Currency
Dewey Decimal Classification     JCC Rouf Library JCC Rouf Library General Stacks 09/16/2023 150.00 297.63 JAL 2021 18243 09/16/2023 C-1 Purchase Books BDT

JCC Library | Contacts | JCC Home

Last Update on 23 September 2017
Copyright @ 2017-2020 JCC Rouf Library
Rouf Library, Jhenidah Cadet College (JCC), Bangladesh